| 000 | 00339cam a2200133ua 4500 | ||
|---|---|---|---|
| 020 | _a81-224-0783-8 | ||
| 082 |
_a616.075 _bGUN/LA |
||
| 100 |
_aGunasekaran, P . _91631 |
||
| 245 | _aLaboratory Manual in Microbiology / | ||
| 250 | _a1 / | ||
| 260 |
_aNew Delhi : _bNew Age International Ltd , _c1996. |
||
| 300 | _a138 ; . | ||
| 942 | _cREF | ||
| 999 |
_c5532 _d5532 |
||